Летопись природы Висимского государственного природного биосферного заповедника ... за 2023 год: ... за 2023 год (Запись № 13647665)

Подробности
000 -МАРКЕР
контрольное поле 03858nam2a2200373 4500
001 - ИДЕНТИФИКАТОР ЗАПИСИ
контрольное поле RU\NLR\BIBL_A\022767969
005 - ИДЕНТИФИКАТОР ВЕРСИИ
контрольное поле 20260416160707.0
010 ## - МЕЖДУНАРОДНЫЙ СТАНДАРТНЫЙ НОМЕР КНИГИ (ISBN)
Номер (ISBN) 978-5-8295-0921-7
021 ## - НОМЕР ГОСУДАРСТВЕННОЙ РЕГИСТРАЦИИ
Код страны Российская Федерация
Номер КН-П-26-007906
Номер Листа государственной регистраци КН-П-26-0763
035 ## - ДРУГИЕ СИСТЕМНЫЕ НОМЕРА
Идентификатор записи (NLR Aleph) 022767969
100 ## - ДАННЫЕ ОБЩЕЙ ОБРАБОТКИ
Данные общей обработки 20260327d2024 u y0rusy50 ca
101 0# - ЯЗЫК РЕСУРСА
Язык текста, звукозаписи и т.д. русский
102 ## - СТРАНА ПУБЛИКАЦИИ ИЛИ ПРОИЗВОДСТВА
Страна публикации Российская Федерация
105 ## - ПОЛЕ КОДИРОВАННЫХ ДАННЫХ: ТЕКСТОВЫЕ МАТЕРИАЛЫ, МОНОГРАФИЧЕСКИЕ
Кодированные данные о монографическом текстовом документе а z 000zy
200 0# - ЗАГЛАВИЕ И СВЕДЕНИЯ ОБ ОТВЕТСТВЕННОСТИ
Основное заглавие ... за 2023 год
Сведения, относящиеся к заглавию коллективная монография
Первые сведения об ответственности Беляева Н. В., с. н. с., фенолог, Бирюкова П. И., Куприенко Н. Н. [и др.]
Последующие сведения об ответственности ответственный редактор: А. В. Хлопотова
-- Министерство природных ресурсов и экологии Российской Федерации, Висимский государственный природный биосферный заповедник
210 ## - ПУБЛИКАЦИЯ, РАСПРОСТРАНЕНИЕ И ДР.
Место издания, распространения и т.д. Кировград
Имя издателя, распространителя и т. д. [б. и.]
Дата издания, распространения и т.д. 2024
215 ## - ФИЗИЧЕСКАЯ ХАРАКТЕРИСТИКА
Специфическое обозначение материала и объем 204 с.
Другие сведения о физической характеристике ил.
300 ## - ОБЩИЕ ПРИМЕЧАНИЯ
Текст примечания Загл. в вып. дан.: Летопись природы Висимского государственного природного биосферного заповедника за 2023 год
300 ## - ОБЩИЕ ПРИМЕЧАНИЯ
Текст примечания Авт. указаны на обороте тит. с.
300 ## - ОБЩИЕ ПРИМЕЧАНИЯ
Текст примечания На тит. с. и обл.: кн. 49
320 ## - ПРИМЕЧАНИЯ О НАЛИЧИИ В ДОКУМЕНТЕ БИБЛИОГРАФИИ / УКАЗАТЕЛЯ
Текст примечания Библиогр.: с. 194-204 (99 назв.)
461 #0 - УРОВЕНЬ НАБОРА
Встроенное поле 001RU\NLR\BIBL_A\010848472
-- 2001#$aЛетопись природы Висимского государственного природного биосферного заповедника ...$eучебное пособие для студентов высших учебных заведений, обучающихся по специальностям : 05.03.02 - "География"; 05-03-04 - "Гидрометеорология"; 05. 03. 06 - "Экология и природопользование"; 06.03.01 - "Биология"; 35.03.01 - "Лесное дело"$fРос. акад. естествознания, Изд. дом Акад естествознания, МПР Рос. Федерации, Висим. гос. природ. бирсфер. заповедник$g[Ларин Е. Г. и др.]$vза 2023 год
Системный номер (АБИС) связанной записи 10364395
Место публикации Москва
Дата публикации 2014
Первые сведения об ответственности Рос. акад. естествознания, Изд. дом Акад естествознания, МПР Рос. Федерации, Висим. гос. природ. бирсфер. заповедник
Имя издателя, распространителя и т.д. Издательский дом Академии естествознания
Сведения, относящиеся к заглавию учебное пособие для студентов высших учебных заведений, обучающихся по специальностям : 05.03.02 - "География"; 05-03-04 - "Гидрометеорология"; 05. 03. 06 - "Экология и природопользование"; 06.03.01 - "Биология"; 35.03.01 - "Лесное дело"
Заглавие Летопись природы Висимского государственного природного биосферного заповедника ...
Номер тома за 2023 год
517 1# - ДРУГИЕ ВАРИАНТЫ ЗАГЛАВИЯ
Вариант заглавия Летопись природы Висимского государственного природного биосферного заповедника за 2023 год
701 #1 - ИМЯ ЛИЦА - АЛЬТЕРНАТИВНАЯ ОТВЕТСТВЕННОСТЬ
Начальный элемент ввода Беляева
Часть имени, кроме начального элемента ввода Н. В.
Дополнения к именам, кроме дат биолог, фенология
Расширение инициалов личного имени Наталья Вадимовна
Системный номер авторитетной/нормативной записи 243841
Идентификатор авторитетной/нормативной записи RU\NLR\AUTH\770243897
701 #1 - ИМЯ ЛИЦА - АЛЬТЕРНАТИВНАЯ ОТВЕТСТВЕННОСТЬ
Начальный элемент ввода Бирюкова
Часть имени, кроме начального элемента ввода П. И.
701 #1 - ИМЯ ЛИЦА - АЛЬТЕРНАТИВНАЯ ОТВЕТСТВЕННОСТЬ
Начальный элемент ввода Куприенко
Часть имени, кроме начального элемента ввода Н. Н.
702 #1 - ИМЯ ЛИЦА - ВТОРИЧНАЯ ОТВЕТСТВЕННОСТЬ
Начальный элемент ввода Хлопотова
Часть имени, кроме начального элемента ввода А. В.
Код отношения Редактор
711 02 - НАИМЕНОВАНИЕ ОРГАНИЗАЦИИ - АЛЬТЕРНАТИВНАЯ ОТВЕТСТВЕННОСТЬ
Начальный элемент ввода Висимский государственный природный биосферный заповедник
Системный номер авторитетной/нормативной записи 324235
Идентификатор авторитетной/нормативной записи RU\NLR\AUTH\8810219424
942 ## - ДОПОЛНИТЕЛЬНЫЕ ЭЛЕМЕНТЫ ЗАПИСИ (АБИС)
Тип экземпляра АБИС Книга
980 ## - КОЛЛЕКЦИЯ
Название коллекции Национальная библиография

Нет доступных экземпляров.